| Tag |
First Indicator |
Second Indicator |
Subfields |
| LEADER |
00000cam a22000008i 4500 |
| 001 |
in00000595921 |
| 005 |
20151014164923.0 |
| 008 |
770314s1978 nyu 00010 eng |
| 010 |
|
|
|a 76062766
|
| 020 |
|
|
|a 0312856970 :
|c $10.00
|
| 035 |
|
|
|a (OCoLC)02967674
|
| 035 |
|
|
|9 ACS4368AM
|
| 040 |
|
|
|a DLC
|c DLC
|d TXA
|d UtOrBLW
|
| 049 |
|
|
|a TXAM
|c [721216]
|
| 050 |
0 |
0 |
|a ML3561.C69
|b G34
|
| 082 |
0 |
|
|a 784
|
| 100 |
1 |
|
|a Gaillard, Frye.
|
| 245 |
1 |
0 |
|a Watermelon wine :
|b the spirit of country music /
|c Frye Gaillard.
|
| 264 |
|
1 |
|a New York :
|b St. Martin's Press,
|c [1978]
|
| 264 |
|
4 |
|c ©1978
|
| 300 |
|
|
|a xv, 236 pages :
|b illustrations, portraits ;
|c 24 cm.
|
| 336 |
|
|
|a text
|b txt
|2 rdacontent
|
| 337 |
|
|
|a unmediated
|b n
|2 rdamedia
|
| 338 |
|
|
|a volume
|b nc
|2 rdacarrier
|
| 650 |
|
0 |
|a Country music
|x History and criticism.
|
| 999 |
|
|
|a MARS
|
| 999 |
f |
f |
|s 1dd3c615-e11e-38c7-b0d0-d10a23fa550e
|i 950d088b-e94f-323f-b033-afa1e0b3d9fd
|t 0
|
| 952 |
f |
f |
|p ric
|a Texas A&M University
|b Rellis Campus
|c Joint Library Facility
|d Remote Storage
|t 0
|e ML3561.C69 G34
|h Library of Congress classification
|i unmediated -- volume
|m A14843284382
|
| 998 |
f |
f |
|a ML3561.C69 G34
|t 0
|l Remote Storage
|